<?xml version="1.0" encoding="UTF-8"?>
<record
    xmlns:xsi="http://www.w3.org/2001/XMLSchema-instance"
    xsi:schemaLocation="http://www.loc.gov/MARC21/slim http://www.loc.gov/standards/marcxml/schema/MARC21slim.xsd"
    xmlns="http://www.loc.gov/MARC21/slim">

  <leader>00578nam a22001577a 4500</leader>
  <controlfield tag="003">OSt</controlfield>
  <controlfield tag="005">20151002172539.0</controlfield>
  <controlfield tag="008">151002b        xxu||||| |||| 00| 0 eng d</controlfield>
  <datafield tag="040" ind1=" " ind2=" ">
    <subfield code="c">RUA </subfield>
  </datafield>
  <datafield tag="082" ind1=" " ind2=" ">
    <subfield code="a">AVM &#x1780;&#x17B6;&#x1793;&#x17CB; 1995 B069 Or.1</subfield>
  </datafield>
  <datafield tag="100" ind1=" " ind2=" ">
    <subfield code="9">1821</subfield>
    <subfield code="a">&#x1780;&#x17B6;&#x1793;&#x17CB; &#x179F;&#x17B6;&#x17A1;&#x1793;</subfield>
  </datafield>
  <datafield tag="245" ind1=" " ind2=" ">
    <subfield code="a">&#x1780;&#x17B6;&#x179A;&#x179F;&#x17B7;&#x1780;&#x17D2;&#x179F;&#x17B6;&#x1787;&#x17BD;&#x179F;&#x1787;&#x17BB;&#x179B;&#x1795;&#x17D2;&#x1793;&#x17C2;&#x1780;&#x1782;&#x17C6;&#x179A;&#x1794;&#x1782;&#x17BB;&#x1799;&#x17A1;&#x17B6;&#x179F;&#x17CB; &#x1793;&#x17B7;&#x1784;&#x179C;&#x17B7;&#x1792;&#x17B8;&#x179F;&#x17B8;&#x179F;&#x17CA;&#x17BC;&#x1794;&#x17C9;&#x17B6;&#x1794;&#x17CB;&#x178A;&#x17C4;&#x1799;&#x1794;&#x17D2;&#x179A;&#x17BE;&#x17A7;&#x1794;&#x1780;&#x179A;&#x178E;&#x17CD;&#x1784;&#x17B6;&#x1799;)</subfield>
  </datafield>
  <datafield tag="260" ind1=" " ind2=" ">
    <subfield code="a">phnom penh </subfield>
    <subfield code="b">RUA </subfield>
    <subfield code="c">1995</subfield>
  </datafield>
  <datafield tag="300" ind1=" " ind2=" ">
    <subfield code="a">71p.</subfield>
    <subfield code="b">ill.</subfield>
    <subfield code="c">29cm.</subfield>
  </datafield>
  <datafield tag="942" ind1=" " ind2=" ">
    <subfield code="2">ddc</subfield>
    <subfield code="c">AVM</subfield>
  </datafield>
  <datafield tag="999" ind1=" " ind2=" ">
    <subfield code="c">1719</subfield>
    <subfield code="d">1719</subfield>
  </datafield>
  <datafield tag="952" ind1=" " ind2=" ">
    <subfield code="0">0</subfield>
    <subfield code="1">0</subfield>
    <subfield code="2">ddc</subfield>
    <subfield code="4">0</subfield>
    <subfield code="6">AVM_&#x1780;&#x17B6;&#x1793;_1995_000000000000000_B069_OR_1</subfield>
    <subfield code="7">0</subfield>
    <subfield code="9">21029</subfield>
    <subfield code="a">LBB</subfield>
    <subfield code="b">LBB</subfield>
    <subfield code="c">B190</subfield>
    <subfield code="d">2015-12-07</subfield>
    <subfield code="l">1</subfield>
    <subfield code="o">AVM &#x1780;&#x17B6;&#x1793;&#x17CB; 1995 B069 Or.1</subfield>
    <subfield code="p">RUA44828</subfield>
    <subfield code="r">2017-08-04</subfield>
    <subfield code="s">2017-02-03</subfield>
    <subfield code="w">2015-12-07</subfield>
    <subfield code="y">AVM</subfield>
  </datafield>
  <datafield tag="952" ind1=" " ind2=" ">
    <subfield code="0">0</subfield>
    <subfield code="1">0</subfield>
    <subfield code="2">ddc</subfield>
    <subfield code="4">0</subfield>
    <subfield code="6">AVM_&#x1780;&#x17B6;&#x1793;_1995_000000000000000_B069_OR_2</subfield>
    <subfield code="7">0</subfield>
    <subfield code="9">21030</subfield>
    <subfield code="a">LBB</subfield>
    <subfield code="b">LBB</subfield>
    <subfield code="c">B190</subfield>
    <subfield code="d">2015-12-07</subfield>
    <subfield code="o">AVM &#x1780;&#x17B6;&#x1793;&#x17CB; 1995 B069 Or.2</subfield>
    <subfield code="p">RUA41074</subfield>
    <subfield code="r">2015-12-07</subfield>
    <subfield code="w">2015-12-07</subfield>
    <subfield code="y">AVM</subfield>
  </datafield>
  <datafield tag="952" ind1=" " ind2=" ">
    <subfield code="0">0</subfield>
    <subfield code="1">0</subfield>
    <subfield code="2">ddc</subfield>
    <subfield code="4">0</subfield>
    <subfield code="6">AVM_&#x1780;&#x17B6;&#x1793;_1995_000000000000000_B069_OR_3</subfield>
    <subfield code="7">0</subfield>
    <subfield code="9">21031</subfield>
    <subfield code="a">LBB</subfield>
    <subfield code="b">LBB</subfield>
    <subfield code="c">B190</subfield>
    <subfield code="d">2015-12-07</subfield>
    <subfield code="o">AVM &#x1780;&#x17B6;&#x1793;&#x17CB; 1995 B069 Or.3</subfield>
    <subfield code="p">RUA038676</subfield>
    <subfield code="r">2015-12-07</subfield>
    <subfield code="w">2015-12-07</subfield>
    <subfield code="y">AVM</subfield>
  </datafield>
  <datafield tag="952" ind1=" " ind2=" ">
    <subfield code="0">0</subfield>
    <subfield code="1">0</subfield>
    <subfield code="2">ddc</subfield>
    <subfield code="4">0</subfield>
    <subfield code="6">AVM_&#x1780;&#x17B6;&#x1793;_1995_000000000000000_B069_OR_4</subfield>
    <subfield code="7">0</subfield>
    <subfield code="9">21032</subfield>
    <subfield code="a">LBB</subfield>
    <subfield code="b">LBB</subfield>
    <subfield code="c">B190</subfield>
    <subfield code="d">2015-12-07</subfield>
    <subfield code="o">AVM &#x1780;&#x17B6;&#x1793;&#x17CB; 1995 B069 Or.4</subfield>
    <subfield code="p">RUA44333</subfield>
    <subfield code="r">2015-12-07</subfield>
    <subfield code="w">2015-12-07</subfield>
    <subfield code="y">AVM</subfield>
  </datafield>
  <datafield tag="952" ind1=" " ind2=" ">
    <subfield code="0">0</subfield>
    <subfield code="1">0</subfield>
    <subfield code="2">ddc</subfield>
    <subfield code="4">0</subfield>
    <subfield code="6">AVM_&#x1780;&#x17B6;&#x1793;_1995_000000000000000_B069_OR_5</subfield>
    <subfield code="7">0</subfield>
    <subfield code="9">21033</subfield>
    <subfield code="a">LBB</subfield>
    <subfield code="b">LBB</subfield>
    <subfield code="c">B190</subfield>
    <subfield code="d">2015-12-07</subfield>
    <subfield code="o">AVM &#x1780;&#x17B6;&#x1793;&#x17CB; 1995 B069 Or.5</subfield>
    <subfield code="p">RUA41204</subfield>
    <subfield code="r">2015-12-07</subfield>
    <subfield code="w">2015-12-07</subfield>
    <subfield code="y">AVM</subfield>
  </datafield>
  <datafield tag="952" ind1=" " ind2=" ">
    <subfield code="0">0</subfield>
    <subfield code="1">0</subfield>
    <subfield code="2">ddc</subfield>
    <subfield code="4">0</subfield>
    <subfield code="6">AVM_&#x1780;&#x17B6;&#x1793;_1995_000000000000000_B069_OR_6</subfield>
    <subfield code="7">0</subfield>
    <subfield code="9">21034</subfield>
    <subfield code="a">LBB</subfield>
    <subfield code="b">LBB</subfield>
    <subfield code="c">B190</subfield>
    <subfield code="d">2015-12-07</subfield>
    <subfield code="l">1</subfield>
    <subfield code="o">AVM &#x1780;&#x17B6;&#x1793;&#x17CB; 1995 B069 Or.6</subfield>
    <subfield code="p">RUA41020</subfield>
    <subfield code="r">2018-06-16</subfield>
    <subfield code="s">2018-06-02</subfield>
    <subfield code="w">2015-12-07</subfield>
    <subfield code="y">AVM</subfield>
  </datafield>
  <datafield tag="952" ind1=" " ind2=" ">
    <subfield code="0">0</subfield>
    <subfield code="1">0</subfield>
    <subfield code="2">ddc</subfield>
    <subfield code="4">0</subfield>
    <subfield code="6">AVM_&#x1780;&#x17B6;&#x1793;_1995_000000000000000_B069_OR_7</subfield>
    <subfield code="7">0</subfield>
    <subfield code="9">21035</subfield>
    <subfield code="a">LBB</subfield>
    <subfield code="b">LBB</subfield>
    <subfield code="c">B190</subfield>
    <subfield code="d">2015-12-07</subfield>
    <subfield code="o">AVM &#x1780;&#x17B6;&#x1793;&#x17CB; 1995 B069 Or.7</subfield>
    <subfield code="p">RUA41080</subfield>
    <subfield code="r">2015-12-07</subfield>
    <subfield code="w">2015-12-07</subfield>
    <subfield code="y">AVM</subfield>
  </datafield>
  <datafield tag="952" ind1=" " ind2=" ">
    <subfield code="0">0</subfield>
    <subfield code="1">0</subfield>
    <subfield code="2">ddc</subfield>
    <subfield code="4">0</subfield>
    <subfield code="6">AVM_&#x1780;&#x17B6;&#x1793;_1995_000000000000000_B069_OR_8</subfield>
    <subfield code="7">0</subfield>
    <subfield code="9">21036</subfield>
    <subfield code="a">LBB</subfield>
    <subfield code="b">LBB</subfield>
    <subfield code="c">B190</subfield>
    <subfield code="d">2015-12-07</subfield>
    <subfield code="o">AVM &#x1780;&#x17B6;&#x1793;&#x17CB; 1995 B069 Or.8</subfield>
    <subfield code="p">RUA41263</subfield>
    <subfield code="r">2015-12-07</subfield>
    <subfield code="w">2015-12-07</subfield>
    <subfield code="y">AVM</subfield>
  </datafield>
</record>
